000 00543nam a22001577a 4500
008 151202b xxu||||| |||| 00| 0 eng d
020 _a9783527334162
082 _223
_a621.042
_bBOR-E 2013
100 _aFricke, J. (Jochen),
_d1938
245 _aEssentials of energy technology : sources, transport, storage, and conservation
_cFricke, J. (Jochen)
260 _aWeinheim :
_bWiley-VCH,
_c2013.
300 _axvii, 443 p. : ill. ; 24 cm.
650 _aPower resources, Energy development
700 _aBorst, Walter L.
942 _2ddc
_cBK
999 _c355711
_d355711